|
|
|
|
| LEADER |
00000nab a2200000u 4500 |
| 001 |
vtls012025276 |
| 003 |
SK-MaSNL |
| 005 |
20260303100607.0 |
| 008 |
210428|20210427xo ||||||| || ||slo| |
| 038 |
|
|
|a KEVKJB
|
| 040 |
|
|
|a KEVKJB
|b slo
|e rda
|
| 041 |
0 |
|
|a slo
|
| 043 |
|
|
|a e-xo---
|
| 044 |
|
|
|a xo
|c SK
|
| 072 |
|
7 |
|a 796
|x Šport. Hry. Telesné cvičenia
|2 konspekt
|
| 080 |
|
|
|a 796.422
|2 2011
|
| 110 |
2 |
|
|a Tlačová agentúra Slovenskej republiky
|4 aut
|9 177619
|
| 245 |
0 |
0 |
|a Slovenským majstrom je opäť Sahajda
|c [autor] (tasr)
|
| 300 |
|
|
|b Fotografie
|
| 336 |
|
|
|a text
|b txt
|2 rdacontent
|
| 337 |
|
|
|a bez média
|b n
|2 rdamedia
|
| 338 |
|
|
|a zväzok
|b nc
|2 rdacarrier
|
| 600 |
1 |
7 |
|a Sahajda, Tibor,
|d 1990-
|2 kevkjb
|9 1087249
|
| 650 |
0 |
7 |
|a beh
|2 SNKPH
|9 3281
|
| 651 |
|
7 |
|a Košice (Slovensko)
|2 SNKPHgeo
|9 18694
|
| 773 |
0 |
|
|t Korzár
|g Roč. XXIV., č. 96 (27.4.2021), s. 16
|x 2585-7355
|
| 852 |
|
|
|a KEVKJB
|b KIS3GCP
|
| 958 |
|
|
|a BX
|
| 999 |
|
|
|c 1833751
|d 1835681
|